[Event "Czech open A"]
[Site "?"]
[Date "2013.07.20"]
[Round "2.86"]
[White "Spalir Jernej"]
[Black "Formento Paolo"]
[Result "1-0"]
[WhiteElo "2312"]
[BlackElo "2234"]
[PlyCount "113"]
[EventDate "2013.??.??"]
[TimeControl "6000+1160"]
[WhiteClock "0:47:51"]
[BlackClock "0:11:34"]

1. d4 Nf6 2. c4 g6 3. Nc3 Bg7 4. e4 d6 5. Nf3 O-O 6. h3 e5 7. d5 a5 8. g4 Na6
9. Be3 b6 10. Be2 Nc5 11. Nd2 Ne8 12. h4 f5 13. g5 Na6 14. exf5 gxf5 15. f4 Qe7
16. Nf3 exf4 17. Bxf4 Nc5 18. Nd4 Be5 19. Bxe5 Qxe5 20. Qd2 Qg3+ 21. Kd1 Ne4
22. Nxe4 fxe4 23. Kc2 e3 24. Qd3 Ng7 25. Raf1 Bh3 26. Rf6 Rae8 27. Kc3 Bg2 28.
Rg1 Qh2 29. Rxf8+ Kxf8 30. Ne6+ Nxe6 31. dxe6 Qe5+ 32. Qd4 Qxd4+ 33. Kxd4 c5+
34. Kc3 Bh3 35. Rg3 Bxe6 36. Rxe3 Bf7 37. Rxe8+ Bxe8 38. h5 Kg7 39. Kd3 Bc6 40.
Ke3 d5 41. h6+ Kg8 42. Kf4 dxc4 43. Bxc4+ Kh8 44. Ke5 a4 45. Kd6 Be8 46. a3 b5
47. Bd5 c4 48. Kc5 Bd7 49. Bb7 Kg8 50. Ba6 Kf7 51. Bxb5 Bf5 52. Bxa4 Kg6 53.
Bc6 Bd3 54. a4 Kxg5 55. a5 Kxh6 56. Kd4 Bf1 57. Kc3 1-0

[Event "Czech open A"]
[Site "?"]
[Date "2013.07.20"]
[Round "2.87"]
[White "Kholopov Alexander A"]
[Black "Barthel Ansgar"]
[Result "1/2-1/2"]
[WhiteElo "2310"]
[BlackElo "2230"]
[PlyCount "85"]
[EventDate "2013.??.??"]
[TimeControl "6000+1335"]
[WhiteClock "0:32:38"]
[BlackClock "0:21:56"]

1. d4 Nf6 2. c4 g6 3. Nc3 Bg7 4. e4 d6 5. f4 O-O 6. Nf3 Na6 7. Bd3 Bg4 8. Be3
Nd7 9. Be2 e5 10. fxe5 dxe5 11. d5 Bxf3 12. Bxf3 Bh6 13. Bf2 c6 14. O-O cxd5
15. Nxd5 Nc7 16. Qb3 Nxd5 17. cxd5 b6 18. Rad1 Nc5 19. Qc3 Rc8 20. Qxe5 Re8 21.
Qd4 Bg7 22. Qb4 Qd6 23. Bg3 Be5 24. Bxe5 Rxe5 25. Rd4 Rce8 26. Qc4 a5 27. b3
R5e7 28. a3 Nd7 29. b4 Ne5 30. Qb5 Rc8 31. bxa5 bxa5 32. Qxa5 Rb7 33. Rb4 Rbc7
34. Qb6 Nxf3+ 35. gxf3 Qf4 36. e5 Qxe5 37. d6 Rd7 38. Re4 Rxd6 39. Rxe5 Rxb6
40. Re3 Rc2 41. Rf2 Rbb2 42. Rxc2 Rxc2 43. a4 1/2-1/2

[Event "Czech open A"]
[Site "?"]
[Date "2013.07.20"]
[Round "2.88"]
[White "Tomazini Aljosa"]
[Black "Postupa Pavel"]
[Result "1/2-1/2"]
[WhiteElo "2306"]
[BlackElo "2229"]
[PlyCount "125"]
[EventDate "2013.??.??"]
[TimeControl "6000+1870"]
[WhiteClock "0:02:44"]
[BlackClock "0:10:07"]

1. d4 Nf6 2. Nf3 g6 3. c4 Bg7 4. Nc3 d5 5. cxd5 Nxd5 6. e4 Nxc3 7. bxc3 c5 8.
Be3 Qa5 9. Qd2 Nc6 10. Rb1 a6 11. Rc1 cxd4 12. cxd4 Qxd2+ 13. Kxd2 f5 14. e5
Be6 15. Bc4 Bxc4 16. Rxc4 h6 17. h4 Rd8 18. Ke2 O-O 19. g3 Rd7 20. Rb1 Rfd8 21.
Rb6 e6 22. Rcxc6 bxc6 23. Rxc6 Kf7 24. Ne1 a5 25. Nd3 Re7 26. Ra6 Rdd7 27. Nc5
Ra7 28. Rb6 Re8 29. f4 Bf8 30. Nxe6 Rxe6 31. Rxe6 Kxe6 32. d5+ Kxd5 33. Bxa7 a4
34. Kd3 Bb4 35. Bf2 h5 36. Kc2 Kc4 37. Bb6 Kd5 38. Bf2 Kc4 39. Kb2 Kd5 40. Bb6
Be1 41. Bd8 Bb4 42. Bg5 Ke6 43. Bd8 Kd5 44. Bf6 Ke6 45. Bg5 Kd5 46. Kc2 Be1 47.
Kc1 Ba5 48. Kd1 Bb4 49. Ke2 Bc5 50. Bd8 Bb4 51. Bc7 Bc5 52. Bd6 Ba7 53. Bb4 Bb6
54. Be7 Ba5 55. Bg5 Bb4 56. Bd8 Ke6 57. Kd3 Kd5 58. Ke2 Ke6 59. Bf6 Kd5 60. Bg5
Ke6 61. Kd3 Kd5 62. Ke2 Ke6 63. Kd3 1/2-1/2

[Event "Czech open A"]
[Site "?"]
[Date "2013.07.20"]
[Round "2.89"]
[White "Kutynec Vladimir"]
[Black "Jeitz Christian"]
[Result "1/2-1/2"]
[WhiteElo "2300"]
[BlackElo "2222"]
[PlyCount "173"]
[EventDate "2013.??.??"]
[TimeControl "6000+865"]
[WhiteClock "0:12:55"]
[BlackClock "0:04:32"]

1. Nf3 g6 2. e4 Bg7 3. Bc4 d6 4. h3 Nf6 5. d3 O-O 6. O-O c5 7. Nc3 Nc6 8. Bg5
h6 9. Be3 a6 10. a4 Qc7 11. Nh4 Kh7 12. f4 Nd4 13. Nf3 Nxf3+ 14. Qxf3 e6 15. a5
Bd7 16. Qf2 Bc6 17. e5 Nd7 18. exd6 Qxd6 19. Ne4 Bxe4 20. dxe4 Qc6 21. e5 f6
22. exf6 Nxf6 23. c3 Rac8 24. Rad1 Nd5 25. Bc1 Rcd8 26. Qe2 Qc7 27. Qxe6 Nxf4
28. Bxf4 Rxf4 29. Bd3 Rxf1+ 30. Kxf1 Rf8+ 31. Kg1 Rf6 32. Qe4 Qxa5 33. Qxb7 c4
34. Be4 Qc5+ 35. Kh1 Qe5 36. Qa8 Rf8 37. Qc6 Qg3 38. Bf3 Be5 39. Kg1 Qh2+ 40.
Kf1 Bg7 41. Qxc4 Rb8 42. b4 Qe5 43. Rc1 Qe3 44. Rc2 Re8 45. Qe2 Qxc3 46. Rxc3
Rxe2 47. Rc6 Rb2 48. Be4 Rxb4 49. Bxg6+ Kg8 50. Rxa6 Rb2 51. Rc6 Rd2 52. Be4
Rd4 53. Bf3 Rd2 54. Ke1 Rb2 55. Bd5+ Kh7 56. h4 Rb4 57. Bc4 Be5 58. Kf2 Rb6 59.
Bd3+ Kg7 60. Rc4 Rf6+ 61. Ke3 Bd6 62. Rg4+ Kf7 63. Bc4+ Ke7 64. Ke4 Kd7 65. Bd5
Ke7 66. Rg7+ Kf8 67. Rg8+ Ke7 68. g3 Kd7 69. Rg7+ Ke8 70. h5 Kf8 71. Rg8+ Ke7
72. Bc4 Kd7 73. Rg7+ Ke8 74. Rg4 Ke7 75. Bg8 Kd7 76. Bh7 Ke7 77. Bf5 Kf7 78.
Bc8 Bc7 79. Bb7 Bd6 80. Bd5+ Ke7 81. Rg8 Kd7 82. Rg7+ Ke8 83. g4 Bf4 84. Rg6
Bg5 85. Rg8+ Ke7 86. Rg7+ Kd6 87. Rg6 1/2-1/2

[Event "Czech open A"]
[Site "?"]
[Date "2013.07.20"]
[Round "2.90"]
[White "Musaev Rasul"]
[Black "Travkina Anastasia"]
[Result "0-1"]
[WhiteElo "2300"]
[BlackElo "2216"]
[PlyCount "68"]
[EventDate "2013.??.??"]
[TimeControl "6000+1415"]
[WhiteClock "0:00:44"]
[BlackClock "0:04:19"]

1. e4 c5 2. Nf3 d6 3. d4 cxd4 4. Nxd4 Nf6 5. Nc3 g6 6. Be3 Bg7 7. f3 O-O 8. Qd2
Nc6 9. O-O-O d5 10. exd5 Nxd5 11. Nxc6 bxc6 12. Bd4 Bxd4 13. Qxd4 Qb6 14. Na4
Qc7 15. Bc4 Rd8 16. Nc5 Bf5 17. Bb3 Nb6 18. Qc3 Qf4+ 19. Kb1 Nd5 20. Bxd5 Rxd5
21. g4 Bc8 22. Rde1 Qc7 23. h4 h5 24. Rhg1 Rb8 25. Nd3 Qd6 26. Ne5 Rc5 27. Qe3
Be6 28. gxh5 Bxa2+ 29. Kc1 Rb3 30. Qe2 Qd4 31. c4 Rxe5 32. Qxe5 Qxc4+ 33. Kd2
Rd3+ 34. Ke2 Qc2+ 0-1

[Event "Czech open A"]
[Site "?"]
[Date "2013.07.20"]
[Round "2.91"]
[White "Gallien Fabian"]
[Black "Shemeakin Alexander"]
[Result "1/2-1/2"]
[WhiteElo "2213"]
[BlackElo "2299"]
[PlyCount "147"]
[EventDate "2013.??.??"]
[TimeControl "6000+755"]
[WhiteClock "0:02:48"]
[BlackClock "0:02:59"]

1. e4 e6 2. d4 d5 3. Nc3 Nf6 4. e5 Nfd7 5. Nce2 c5 6. c3 Nc6 7. Nf3 b5 8. Nf4
Qb6 9. Be3 a5 10. Be2 cxd4 11. cxd4 Bb4+ 12. Kf1 a4 13. Rc1 Na5 14. Bd3 Nc4 15.
Qe2 Be7 16. h4 Ba6 17. Kg1 b4 18. Ng5 g6 19. Rh3 Nxe3 20. fxe3 Bxd3 21. Qxd3
Bxg5 22. hxg5 O-O 23. Rf1 a3 24. b3 Rac8 25. Qd2 Qd8 26. Rg3 Qe7 27. Qe2 Rc3
28. Qg4 Rfc8 29. Rgf3 Nf8 30. R1f2 Rc2 31. Nd3 Rxf2 32. Rxf2 Rc3 33. Rd2 h6 34.
gxh6 Nh7 35. Qf4 Qf8 36. Nf2 g5 37. Qg3 Qxh6 38. Nh3 Qh5 39. Rf2 Rc1+ 40. Rf1
Rxf1+ 41. Kxf1 Qd1+ 42. Qe1 Qc2 43. Qe2 Qb1+ 44. Kf2 Qb2 45. Ke1 Kg7 46. Qd2
Qb1+ 47. Ke2 g4 48. Nf4 Ng5 49. Nh5+ Kh6 50. Ng3 Ne4 51. Nxe4 dxe4 52. Qxb4
Qd3+ 53. Kf2 g3+ 54. Kxg3 Qxe3+ 55. Kh2 Qf2 56. d5 exd5 57. Qd6+ Kg7 58. Qxd5
Qf4+ 59. g3 Qf2+ 60. Kh3 e3 61. Qd4 Qf1+ 62. Kh2 Qe2+ 63. Kh3 Qh5+ 64. Kg2 Qe2+
65. Kh3 Qf1+ 66. Kh2 e2 67. Qg4+ Kf8 68. Qb4+ Ke8 69. Qb8+ Kd7 70. Qd6+ Kc8 71.
Qc6+ Kd8 72. Qd6+ Ke8 73. Qb8+ Ke7 74. Qd6+ 1/2-1/2

[Event "Czech open A"]
[Site "?"]
[Date "2013.07.20"]
[Round "2.92"]
[White "Novotny Michal"]
[Black "Bartos Jan"]
[Result "1/2-1/2"]
[WhiteElo "2293"]
[BlackElo "2209"]
[PlyCount "78"]
[EventDate "2013.??.??"]
[TimeControl "6000+820"]
[WhiteClock "0:21:12"]
[BlackClock "0:15:16"]

1. e4 d5 2. exd5 Qxd5 3. Nc3 Qd6 4. d4 Nf6 5. Bg5 c6 6. Qd2 Bf5 7. Bf4 Qd8 8.
Nf3 e6 9. Ne5 Nbd7 10. a3 Nxe5 11. Bxe5 Bd6 12. O-O-O Bxe5 13. dxe5 Qxd2+ 14.
Rxd2 Ne4 15. Nxe4 Bxe4 16. f3 Bg6 17. h4 h6 18. h5 Bh7 19. Rh4 Ke7 20. Rb4 Rab8
21. a4 Bf5 22. a5 Rhd8 23. Rxd8 Kxd8 24. Rd4+ Ke7 25. a6 b6 26. Rd6 Rc8 27. g4
Bh7 28. Bg2 f6 29. f4 fxe5 30. fxe5 c5 31. Bb7 Rf8 32. b3 Bg8 33. Kb2 Bf7 34.
Kc3 Rd8 35. Rc6 Be8 36. Rc7+ Rd7 37. Rc8 Rd8 38. Rc7+ Rd7 39. Rc6 Rd8 1/2-1/2

[Event "Czech Open A 1-44"]
[Site "?"]
[Date "2013.07.21"]
[Round "3.35"]
[White "Stromboli, Ettore"]
[Black "Potapov, Pavel"]
[Result "1/2-1/2"]
[LiveChessVersion "1.4.2"]
[BlackElo "2460"]
[WhiteElo "2335"]

1. e4 {[%clk 1:30:58]} c5 {[%clk 1:30:55]} 2. Nf3 {[%clk 1:31:23]} e6
{[%clk 1:31:14]} 3. d4 {[%clk 1:31:44]} cxd4 {[%clk 1:31:33]} 4. Nxd4
{[%clk 1:32:10]} a6 {[%clk 1:31:57]} 5. c4 {[%clk 1:32:25]} Nf6 {[%clk 1:32:02]}
6. Nc3 {[%clk 1:32:38]} Bb4 {[%clk 1:31:14]} 7. Bd3 {[%clk 1:32:28]} Nc6
{[%clk 1:31:13]} 8. Nde2 {[%clk 1:32:38]} Qc7 {[%clk 1:29:18]} 9. O-O
{[%clk 1:30:00]} O-O {[%clk 1:26:06]} 10. Bf4 {[%clk 1:26:19]} Ne5
{[%clk 1:19:17]} 11. Rc1 {[%clk 1:19:24]} d6 {[%clk 0:57:50]} 12. a3
{[%clk 1:06:09]} Bxc3 {[%clk 0:57:05]} 13. Nxc3 {[%clk 1:01:50]} b6
{[%clk 0:54:04]} 14. Qe2 {[%clk 1:00:08]} Bb7 {[%clk 0:51:34]} 15. Rfd1
{[%clk 0:55:42]} Nfd7 {[%clk 0:45:27]} 16. b4 {[%clk 0:42:24]} Qc6
{[%clk 0:35:21]} 17. Bb1 {[%clk 0:31:26]} Rac8 {[%clk 0:23:15]} 18. Ba2
{[%clk 0:24:29]} Nf6 {[%clk 0:08:59]} 19. f3 {[%clk 0:21:03]} Rfd8
{[%clk 0:08:22]} 20. Be3 {[%clk 0:18:40]} h6 {[%clk 0:05:52]} 21. h3
{[%clk 0:11:31]} Ba8 {[%clk 0:03:38]} 22. Qf2 {[%clk 0:09:45]} Rb8
{[%clk 0:03:38]} 23. Ne2 {[%clk 0:06:48]} Qc7 {[%clk 0:03:30]} 24. Qg3
{[%clk 0:04:46]} Nh5 {[%clk 0:03:09]} 25. Qh4 {[%clk 0:04:37]} Nf6
{[%clk 0:03:35]} 26. Qg3 {[%clk 0:04:32]} Nh5 {[%clk 0:04:02]} 27. Qh4
{[%clk 0:04:54]} Nf6 {[%clk 0:04:31]} 28. Qg3 {[%clk 0:02:36]} 1/2-1/2

[Event "Czech open A"]
[Site "?"]
[Date "2013.07.21"]
[Round "3.45"]
[White "Cherepanov, Vladislav"]
[Black "Jaracz, Pawel"]
[Result "1/2-1/2"]
[WhiteElo "2284"]
[BlackElo "2531"]
[PlyCount "46"]
[EventDate "2013.??.??"]
[TimeControl "6000+1035"]
[WhiteClock "0:24:15"]
[BlackClock "0:23:27"]

1. d4 e6 2. c4 Nf6 3. Nc3 Bb4 4. Qc2 d6 5. a3 Bxc3+ 6. Qxc3 Nbd7 7. Bg5 b6 8.
Nf3 h6 9. Bh4 g5 10. Bg3 Ne4 11. Qc2 Bb7 12. Nd2 Nxg3 13. hxg3 f5 14. e3 Qf6
15. Qa4 e5 16. Nb3 a5 17. O-O-O c6 18. Na1 Kf8 19. Qc2 c5 20. Qd2 cxd4 21. exd4
e4 22. Nc2 Kg7 23. Kb1 Rae8 1/2-1/2

[Event "Czech open A"]
[Site "?"]
[Date "2013.07.21"]
[Round "3.46"]
[White "Lintchevski, Daniil"]
[Black "Spalir, Jernej"]
[Result "1-0"]
[WhiteElo "2529"]
[BlackElo "2312"]
[PlyCount "94"]
[EventDate "2013.??.??"]
[TimeControl "6000+950"]
[WhiteClock "0:31:31"]
[BlackClock "0:24:33"]

1. d4 d5 2. c4 c6 3. Nc3 Nf6 4. e3 e6 5. Nf3 Nbd7 6. Bd3 dxc4 7. Bxc4 b5 8. Bd3
a6 9. e4 Bb7 10. O-O c5 11. d5 c4 12. Bc2 e5 13. Ne2 Bd6 14. Ng3 Nc5 15. b3
cxb3 16. axb3 O-O 17. b4 Ncd7 18. Rb1 Nb6 19. Nf5 Bc8 20. Nxd6 Qxd6 21. Be3
Nfd7 22. Nd2 Bb7 23. Nb3 Rfc8 24. Nc5 Rc7 25. Bd3 Nc4 26. Bxc4 bxc4 27. Qa4 a5
28. Nxb7 Rxb7 29. bxa5 Rc7 30. Rfc1 h6 31. h3 Qa6 32. Bb6 Rb7 33. Qc6 Nxb6 34.
axb6 Rab8 35. Qd6 f6 36. h4 Kh7 37. h5 Qa2 38. Qc5 Qe2 39. Qxc4 Qxc4 40. Rxc4
Rxb6 41. Rxb6 Rxb6 42. Rc7 Rb4 43. f3 Rd4 44. Rd7 f5 45. exf5 Rf4 46. Re7 Rxf5
47. d6 Rf8 1-0

[Event "Czech open A"]
[Site "?"]
[Date "2013.07.21"]
[Round "3.47"]
[White "Adamek, Jiri"]
[Black "Cvek, Robert"]
[Result "0-1"]
[WhiteElo "2290"]
[BlackElo "2527"]
[PlyCount "68"]
[EventDate "2013.??.??"]
[TimeControl "6000+650"]
[WhiteClock "0:35:44"]
[BlackClock "0:14:02"]

1. d4 Nf6 2. c4 c5 3. d5 g6 4. Nc3 Bg7 5. Nf3 d6 6. e4 O-O 7. Be2 e6 8. O-O
exd5 9. cxd5 a6 10. a4 Bg4 11. Nd2 Bxe2 12. Qxe2 Nbd7 13. Nc4 Nb6 14. Nxb6 Qxb6
15. a5 Qc7 16. h3 Rae8 17. Qc2 Nd7 18. Nd1 f5 19. exf5 gxf5 20. Ra4 Ne5 21. Rf4
Bh6 22. Rh4 Bxc1 23. Qxc1 Qg7 24. Kh1 Kh8 25. Nc3 Rg8 26. g3 f4 27. Qc2 Ng6 28.
Rg4 Qh6 29. Kh2 Re5 30. h4 Rf8 31. Qd3 Ref5 32. Ne4 Ne5 33. Qc3 fxg3+ 34. Nxg3
Rf3 0-1

[Event "Czech open A"]
[Site "?"]
[Date "2013.07.21"]
[Round "3.48"]
[White "Rozum, Ivan"]
[Black "Ageichenko, Gennady"]
[Result "1/2-1/2"]
[WhiteElo "2527"]
[BlackElo "2298"]
[PlyCount "86"]
[EventDate "2013.??.??"]
[TimeControl "6000+945"]
[WhiteClock "0:18:44"]
[BlackClock "0:20:29"]

1. Nf3 d5 2. c4 c6 3. e3 Nf6 4. Nc3 e6 5. b3 Nbd7 6. Bb2 Bd6 7. Qc2 Qe7 8. Be2
a6 9. d4 O-O 10. O-O dxc4 11. bxc4 e5 12. Bd3 Re8 13. Ne4 Nxe4 14. Bxe4 g6 15.
c5 Bc7 16. Rac1 exd4 17. exd4 Nf6 18. Bd3 Nd5 19. Rce1 Be6 20. Bc4 Rad8 21. Qb3
f6 22. Bc1 Qd7 23. Nd2 Kg7 24. Ne4 Bf7 25. Qf3 Qf5 26. Qxf5 gxf5 27. Ng3 Bxg3
28. hxg3 Nc3 29. Rxe8 Rxe8 30. Bxf7 Kxf7 31. Be3 Ke6 32. Ra1 Kd5 33. Kf1 Kc4
34. a3 Kd3 35. Rc1 a5 36. a4 Re7 37. Bf4 Kxd4 38. Bd2 Nd5 39. Bxa5 Re8 40. Bd2
Kd3 41. Be1 Re4 42. a5 h5 43. Rb1 b6 1/2-1/2

[Event "Czech open A"]
[Site "?"]
[Date "2013.07.21"]
[Round "3.49"]
[White "Haba, Petr"]
[Black "Rjabzev, Konstantin"]
[Result "1/2-1/2"]
[WhiteElo "2522"]
[BlackElo "2290"]
[PlyCount "109"]
[EventDate "2013.??.??"]
[TimeControl "6000+1435"]
[WhiteClock "0:05:50"]
[BlackClock "0:17:43"]

1. d4 d5 2. c4 e6 3. Nf3 Nf6 4. g3 Be7 5. Bg2 O-O 6. O-O dxc4 7. Qa4 a6 8. Qxc4
b5 9. Qc2 Bb7 10. Bd2 Be4 11. Qc1 Nbd7 12. Ba5 Ra7 13. Nbd2 Bd5 14. Re1 Ne4 15.
Nxe4 Bxe4 16. Qf4 Bxf3 17. Bxf3 Nb6 18. b3 Ba3 19. Red1 Qe7 20. Rd2 Rb8 21. Rc2
Bd6 22. Qe3 b4 23. Rac1 g6 24. Bc6 h5 25. f4 Qf6 26. Qe4 h4 27. e3 hxg3 28.
hxg3 Nd5 29. Qd3 Ne7 30. Bg2 Nf5 31. Kf2 g5 32. e4 Qxd4+ 33. Qxd4 Nxd4 34. e5
Nxc2 35. exd6 cxd6 36. Rxc2 gxf4 37. gxf4 d5 38. Ke3 Rb5 39. Bd8 Kg7 40. Bf1
d4+ 41. Kf3 d3 42. Rg2+ Kf8 43. Bf6 Rd5 44. Ke3 Rh5 45. Bxd3 Rh3+ 46. Ke4 a5
47. Bc4 Rd7 48. Rc2 Rc7 49. Rd2 Rc8 50. Rd8+ Rxd8 51. Bxd8 Rh5 52. Bg5 Rh2 53.
Ke5 Rxa2 54. Kf6 a4 55. bxa4 1/2-1/2

[Event "Czech open A"]
[Site "?"]
[Date "2013.07.21"]
[Round "3.50"]
[White "Boros, Denes"]
[Black "Heimrath, Reiner"]
[Result "1-0"]
[WhiteElo "2504"]
[BlackElo "2280"]
[PlyCount "79"]
[EventDate "2013.??.??"]
[TimeControl "6000+1615"]
[WhiteClock "0:34:23"]
[BlackClock "0:01:27"]

1. e4 g6 2. d4 Bg7 3. Nc3 d6 4. Bg5 h6 5. Bh4 Nc6 6. d5 Nb8 7. Qd2 c5 8. f4 a6
9. Nf3 Bg4 10. O-O-O Nd7 11. h3 Bxf3 12. gxf3 Qa5 13. Kb1 Bd4 14. Be1 Bg7 15.
Qg2 Qc7 16. f5 Nf8 17. f4 O-O-O 18. fxg6 fxg6 19. h4 Bf6 20. Rh3 h5 21. Qe2 Nh6
22. e5 Bg7 23. Ne4 Nd7 24. Ng5 Nf8 25. Ra3 Re8 26. Ba5 Qb8 27. Bh3+ Nf5 28. Nf7
dxe5 29. d6 Nd7 30. Bxf5 gxf5 31. dxe7 b6 32. Qxa6+ Kc7 33. Qd3 Qc8 34. Qd6+
Kb7 35. Qd5+ Qc6 36. Qxd7+ Qxd7 37. Rxd7+ Kc8 38. Ra7 Rh6 39. Nxh6 bxa5 40.
Nxf5 1-0

[Event "Czech open A"]
[Site "?"]
[Date "2013.07.21"]
[Round "3.51"]
[White "Neverov, Valery"]
[Black "Braeuer, Franz"]
[Result "1-0"]
[WhiteElo "2492"]
[BlackElo "2275"]
[PlyCount "151"]
[EventDate "2013.??.??"]
[TimeControl "6000+995"]
[WhiteClock "0:02:38"]
[BlackClock "0:04:52"]

1. d4 Nf6 2. c4 e6 3. Nc3 Bb4 4. e3 b6 5. Bd3 Bb7 6. Nf3 O-O 7. O-O d5 8. a3
Be7 9. cxd5 exd5 10. b4 Nbd7 11. Qb3 c6 12. Bd2 Bd6 13. a4 Qe7 14. Rfb1 a6 15.
b5 axb5 16. axb5 c5 17. Bf5 g6 18. Bh3 h5 19. g3 Rfd8 20. Be1 Nf8 21. Na4 c4
22. Qb2 Qc7 23. Bb4 Bxb4 24. Qxb4 Ra5 25. Nc3 Rda8 26. Rxa5 Rxa5 27. Ne5 Ra8
28. Bg2 Ne6 29. h3 Ng7 30. g4 hxg4 31. hxg4 g5 32. Bf3 Nge8 33. Kg2 Kg7 34. Nc6
Bxc6 35. bxc6 Qxc6 36. Qxb6 Qxb6 37. Rxb6 Rd8 38. Rb7 Kf8 39. Ra7 Rd6 40. Kg3
Rd8 41. Bg2 Rd6 42. Bh1 Kg7 43. f4 Re6 44. Nxd5 Nxd5 45. Bxd5 Rxe3+ 46. Kf2
gxf4 47. Rxf7+ Kh6 48. Rxf4 Rc3 49. Bf3 Rd3 50. Be2 Rd2 51. Ke3 c3 52. Rf5 Kg7
53. Rc5 Rc2 54. Bd3 Rg2 55. Kf3 Rh2 56. Rxc3 Rh3+ 57. Kf4 Nf6 58. Rc7+ Kh8 59.
Rc8+ Kg7 60. Bf5 Rh1 61. Rc7+ Kf8 62. Kg5 Ne8 63. Rd7 Ng7 64. Kg6 Nxf5 65. gxf5
Ra1 66. d5 Ke8 67. Rb7 Rg1+ 68. Kf6 Rd1 69. Re7+ Kd8 70. Re5 Kd7 71. Kf7 Rf1
72. f6 Kd6 73. Re2 Rf3 74. Kg7 Kxd5 75. f7 Rg3+ 76. Kf6 1-0

[Event "Czech open A"]
[Site "?"]
[Date "2013.07.21"]
[Round "3.52"]
[White "Kokol, Peter"]
[Black "Harika, Dronavalli"]
[Result "1-0"]
[WhiteElo "2260"]
[BlackElo "2489"]
[PlyCount "54"]
[EventDate "2013.??.??"]
[TimeControl "6000+1510"]
[WhiteClock "0:09:18"]
[BlackClock "0:16:24"]

1. e4 e6 2. d4 d5 3. Nc3 Bb4 4. e5 c5 5. Bd2 Ne7 6. Nb5 Bxd2+ 7. Qxd2 O-O 8. f4
Bd7 9. Nd6 cxd4 10. Nf3 Nbc6 11. Bd3 f6 12. O-O Qb6 13. a4 a6 14. a5 Qc7 15.
Qe1 Nc8 16. Qh4 h6 17. Nxc8 Raxc8 18. g4 fxe5 19. fxe5 Nxe5 20. Nxe5 Qxe5 21.
Qe7 Qe3+ 22. Kh1 Bb5 23. Rxf8+ Rxf8 24. Bh7+ Kxh7 25. Qxf8 d3 26. g5 dxc2 27.
Qc8 Bc6 1-0

[Event "Czech open A"]
[Site "?"]
[Date "2013.07.21"]
[Round "3.53"]
[White "Lalic, Bogdan"]
[Black "Le Ruyet, Leopold"]
[Result "1-0"]
[WhiteElo "2489"]
[BlackElo "2273"]
[PlyCount "57"]
[EventDate "2013.??.??"]
[TimeControl "5400+830"]
[WhiteClock "1:11:24"]
[BlackClock "0:24:59"]

1. d4 d5 2. c4 e6 3. Nf3 c5 4. cxd5 exd5 5. g3 Nc6 6. Bg2 Nf6 7. O-O Be7 8.
dxc5 Bxc5 9. Nc3 O-O 10. Na4 Be7 11. Be3 Re8 12. Rc1 Bg4 13. Nd4 Qd7 14. Nxc6
bxc6 15. Bd4 Bf5 16. Bc5 Bxc5 17. Nxc5 Qe7 18. e3 Rab8 19. b3 Nd7 20. Nxd7 Qxd7
21. Rc5 Be4 22. Bxe4 Rxe4 23. Qc2 Re6 24. Rc1 Rb6 25. a4 Qb7 26. Rxd5 Re8 27.
Rd3 Rc8 28. a5 Ra6 29. Rcd1 1-0

[Event "Czech open A"]
[Site "?"]
[Date "2013.07.21"]
[Round "3.54"]
[White "Sipos, Istvan"]
[Black "Vetoshko, Volodymyr"]
[Result "1/2-1/2"]
[WhiteElo "2471"]
[BlackElo "2268"]
[PlyCount "65"]
[EventDate "2013.??.??"]
[TimeControl "6000+1455"]
[WhiteClock "0:01:30"]
[BlackClock "0:05:25"]

1. c4 e5 2. Nc3 Bb4 3. Nd5 a5 4. Nf3 Nc6 5. Qc2 Nf6 6. e3 h6 7. a3 Be7 8. b3 d6
9. Bb2 O-O 10. Be2 e4 11. Nd4 Nxd5 12. cxd5 Nxd4 13. Bxd4 Bf5 14. Qc3 Bf6 15.
Bxf6 Qxf6 16. Qxf6 gxf6 17. f3 exf3 18. gxf3 Rfc8 19. Rg1+ Kf8 20. d4 c6 21.
dxc6 bxc6 22. Rc1 Rab8 23. Rc3 Be6 24. Bd1 Rb6 25. Rg2 Rcb8 26. Rb2 Ke7 27. e4
f5 28. Kf2 f4 29. Rb1 Kd7 30. Bc2 Rb5 31. h4 Rg8 32. Rg1 Rgb8 33. Ke1 1/2-1/2

[Event "Czech open A"]
[Site "?"]
[Date "2013.07.21"]
[Round "3.55"]
[White "Richter, Michael"]
[Black "Sochacki, Wojtek"]
[Result "1-0"]
[WhiteElo "2470"]
[BlackElo "2264"]
[PlyCount "81"]
[EventDate "2013.??.??"]
[TimeControl "6000+1440"]
[WhiteClock "0:32:10"]
[BlackClock "0:35:28"]

1. d4 d5 2. c4 c6 3. cxd5 cxd5 4. Nf3 Nc6 5. Nc3 Nf6 6. Bf4 e6 7. e3 Bd6 8. Bg3
O-O 9. Bd3 Qe7 10. Bh4 Qd8 11. O-O a6 12. Rc1 Be7 13. Na4 b5 14. Nc5 Nd7 15.
Bxe7 Nxe7 16. a4 bxa4 17. Qxa4 Nxc5 18. Rxc5 Bd7 19. Qc2 g6 20. Ne5 f6 21. Nxd7
Qxd7 22. Rc7 Qd6 23. Ra1 Rfb8 24. Rc1 Kf8 25. h4 Qb4 26. Qe2 Qd6 27. h5 f5 28.
h6 Rb6 29. Qc2 Rb4 30. Qc3 Rab8 31. Qa3 R4b6 32. Qxd6 Rxd6 33. Ra7 Rdb6 34.
Rcc7 Re8 35. Bxa6 Rxb2 36. Bc8 Rb1+ 37. Kh2 Rf1 38. Bd7 Rd8 39. Bb5 Rd7 40.
Rxd7 Rxf2 41. Rxe7 1-0

[Event "Czech open A"]
[Site "?"]
[Date "2013.07.21"]
[Round "3.56"]
[White "Breder, Dennis"]
[Black "Kulon, Klaudia"]
[Result "1-0"]
[WhiteElo "2465"]
[BlackElo "2258"]
[PlyCount "89"]
[EventDate "2013.??.??"]
[TimeControl "6000+1685"]
[WhiteClock "0:21:29"]
[BlackClock "1:05:51"]

1. e4 c5 2. Nf3 d6 3. Bb5+ Bd7 4. Bxd7+ Qxd7 5. O-O Nf6 6. Qe2 Nc6 7. Rd1 e6 8.
d4 cxd4 9. Nxd4 Be7 10. Nf3 Qc7 11. c4 O-O 12. Nc3 a6 13. b3 Rac8 14. Bf4 Ne5
15. Rac1 Nfd7 16. Na4 Nc5 17. Nxc5 Qxc5 18. Bxe5 dxe5 19. Rd7 b5 20. Rc2 Rfd8
21. Rxd8+ Bxd8 22. Ne1 Qb6 23. cxb5 Rxc2 24. Nxc2 axb5 25. Qd3 Be7 26. b4 Qc6
27. g4 f6 28. h3 Kf7 29. Kf1 Qa6 30. a3 Bd6 31. Qc3 Qb7 32. Qd3 Ke7 33. Ne3 Bb8
34. Nd1 Qa6 35. Nc3 Ba7 36. Nxb5 Bb8 37. Ke2 g6 38. Qc4 f5 39. f3 f4 40. g5 Kf7
41. Qc5 Qa4 42. Qc6 Qb3 43. Qb7+ Kf8 44. Qxb8+ Kf7 45. Nd6+ 1-0

[Event "Czech open A"]
[Site "?"]
[Date "2013.07.21"]
[Round "3.57"]
[White "Gruenter, Martin"]
[Black "Zorko, Jure"]
[Result "1/2-1/2"]
[WhiteElo "2248"]
[BlackElo "2459"]
[PlyCount "76"]
[EventDate "2013.??.??"]
[TimeControl "6000+930"]
[WhiteClock "0:03:56"]
[BlackClock "0:00:57"]

1. e4 c6 2. d4 d5 3. Nc3 g6 4. h3 Bg7 5. Nf3 dxe4 6. Nxe4 Nd7 7. Bd3 Ngf6 8.
Nxf6+ Nxf6 9. c3 O-O 10. Bf4 b6 11. O-O Bb7 12. Qe2 e6 13. Rad1 Qe7 14. Ba6
Rad8 15. Bxb7 Qxb7 16. Rd2 b5 17. Rfd1 Nd5 18. Be5 Bh6 19. Rc2 Rfe8 20. Qe4 f6
21. Bg3 Qd7 22. Re1 Bf8 23. Rce2 Qf7 24. Qc2 c5 25. a4 a6 26. axb5 axb5 27. Qb3
Qd7 28. Rd1 c4 29. Qc2 Rc8 30. Ra1 b4 31. cxb4 Nxb4 32. Qa4 Qd5 33. Rc1 Ra8 34.
Qd1 Bh6 35. Ra1 Rxa1 36. Qxa1 Ra8 37. Qe1 Nd3 38. Qc3 Rc8 1/2-1/2

[Event "Czech open A"]
[Site "?"]
[Date "2013.07.21"]
[Round "3.58"]
[White "Jansa, Vlastimil"]
[Black "Koykka, Pekka"]
[Result "1-0"]
[WhiteElo "2442"]
[BlackElo "2250"]
[PlyCount "103"]
[EventDate "2013.??.??"]
[TimeControl "6000+1150"]
[WhiteClock "0:08:17"]
[BlackClock "0:05:22"]

1. e4 e6 2. d4 d5 3. Nd2 Nc6 4. Ngf3 Nf6 5. e5 Nd7 6. Bd3 Nb4 7. Be2 c5 8. c3
Nc6 9. O-O cxd4 10. cxd4 f6 11. exf6 Qxf6 12. Nb3 Bd6 13. Bg5 Qg6 14. Bh4 O-O
15. Bg3 Bxg3 16. hxg3 b6 17. Rc1 Bb7 18. Bb5 Rac8 19. Qe2 Qg4 20. Rc3 Ndb8 21.
Re1 Rf6 22. Re3 Nd8 23. Qd2 Ba6 24. Bxa6 Nxa6 25. Rc1 Rxc1+ 26. Qxc1 Nb4 27.
Ne5 Qf5 28. Rf3 Nxa2 29. Qd1 Qh5 30. g4 Qe8 31. Rh3 Nb4 32. Qb1 g6 33. Qc1 Nbc6
34. g5 Rf8 35. Ng4 Qe7 36. Nf6+ Rxf6 37. gxf6 Qxf6 38. Rf3 Qe7 39. Qf4 Kg7 40.
Re3 Nf7 41. Rc3 Qd7 42. Qc1 Ncd8 43. Nd2 Qb5 44. Nf3 Qb4 45. Rc7 a5 46. Rd7 Kf8
47. Qc7 Ke8 48. Kh2 Qxb2 49. Re7+ Kf8 50. Qd7 Qxf2 51. Qe8+ Kg7 52. Qxd8 1-0